| 000 | 00441nam a2200157Ia 4500 | ||
|---|---|---|---|
| 008 | 160316s2000 xxu||||| |||| 00| 0 eng d | ||
| 082 |
_a343.052000 _bMEH |
||
| 100 | _aMehta V G | ||
| 245 | _aIncome tax ready reckoner assessment year 2000 - 2001 | ||
| 250 | _a | ||
| 260 |
_aMumbai _bShri Kuber Publishing House _c2000 |
||
| 300 |
_a336p _b _c |
||
| 365 | _bRs. 280 | ||
| 650 | _a1. Income Tax - Ready Reckoner -2000 - 2001 | ||
| 700 |
_a _a |
||
| 999 |
_c16176 _d16176 |
||